Sports Quiz

Random Sports or Clickable Quiz

Sports Puns Quiz Stats

Quiz Updated May 19, 2016

Challenge
Share
Tweet
Embed
Score 0/18 Timer 06:00
2 Plays Today
% Correct
going downhill
97.5%
choose either oar
95.1%
but I got over it
94.3%
make a hole in one
93.1%
we finally got the ball rolling
92.5%
Then it hit me
92%
Love means nothing to them
91.6%
he only threw hooks
91.3%
you won't know what you're missing
91%
% Correct
I don't think it's working out
90.8%
It has too many drawbacks
90.2%
He kept returning it
90.1%
he was a real keeper
89.9%
Hold your horses
89.4%
was a large scale effort
89.1%
we'll let it slide
86.4%
not furlong
86.1%
It's like a huge weight has been lifted off my shoulders
77.7%

You're not logged in!

Compare scores with friends on all Sporcle quizzes.
Join for Free
OR
Log In

You Might Also Like...

Show Comments

Extras

Top Quizzes Today


Score Distribution

Your Account Isn't Verified!

In order to create a playlist on Sporcle, you need to verify the email address you used during registration. Go to your Sporcle Settings to finish the process.

Report this User

Report this user for behavior that violates our Community Guidelines.

Details: